000 00880cam a22002771 4500
001 l 56000170
003 DLC
005 20260227111545.0
008 780207s1956 dcua f000 0 eng c
010 _al 56000170
035 _a(OCoLC)3615641
040 _aU. S. Dept. of Labor. Library
_cOMC
_dOMC
_dNOsU
_dOCoLC
_dDLC
042 _apremarc
050 0 0 _aLB1715
_b.A38
070 0 _aLB1715
_b.A38
082 _a370.7
110 1 _aUnited States.
_bWomen's Bureau.
245 1 3 _aAn idea in action:
_bnew teachers for the nation's children.
260 _a[Washington,
_bU.S. Govt. Print. Off.]
_c1956.
300 _ai, 37 p.
_billus.
_c 23 cm.
490 1 _aIts Pamphlet
_v2
500 _aCover title.
650 0 _aTeachers
_xTraining of
_zUnited States.
740 0 _aNew teachers for the nation's children.
830 0 _aPamphlet (United States. Women's Bureau) ;
_vv. 2.
999 _c36933
_d36933